Statistiques concernant Les vainqueurs de la Coupe de France depuis 1946

Cliquez ici pour prendre le quiz!

Statistiques générales

  • Ce quiz a été pris 2 574 fois
  • Le résultat moyen est 59 sur 70

Statistiques - réponses

AnnéeVainqueur% Correct
1995Paris Saint-Germain
100%
1998Paris Saint-Germain
100%
2015Paris Saint-Germain
100%
1982Paris Saint-Germain
100%
2010Paris Saint-Germain
100%
1983Paris Saint-Germain
100%
2006Paris Saint-Germain
100%
2004Paris Saint-Germain
100%
1993Paris Saint-Germain
100%
2016Paris Saint-Germain (10)
100%
1969Olympique de Marseille
98%
1976Olympique de Marseille
98%
1972Olympique de Marseille
98%
1989Olympique de Marseille (10)
98%
2008Olympique Lyonnais
97%
1964Olympique Lyonnais
97%
1973Olympique Lyonnais
97%
1967Olympique Lyonnais
97%
2012Olympique Lyonnais (4)
97%
1999FC Nantes
94%
1979FC Nantes
94%
2000FC Nantes (3)
94%
1947Lille OSC
93%
1946Lille OSC
93%
1955Lille OSC
93%
1948Lille OSC
93%
1953Lille OSC
93%
2011Lille OSC (6)
93%
1965Stade Rennais UC
91%
1971Stade Rennais UC (2)
91%
1962AS Saint-Étienne
90%
1970AS Saint-Étienne
90%
1975AS Saint-Étienne
90%
1974AS Saint-Étienne
90%
1968AS Saint-Étienne
90%
1977AS Saint-Étienne (6)
90%
1986Girondins de Bordeaux
90%
1987Girondins de Bordeaux
90%
2013Girondins de Bordeaux (4)
90%
1954OGC Nice
88%
1952OGC Nice
88%
1997OGC Nice (3)
88%
1985AS Monaco
86%
1980AS Monaco
86%
1960AS Monaco
86%
1963AS Monaco
86%
1991AS Monaco (5)
86%
1957Toulouse FC (1)
85%
1951RC Strasbourg
81%
1966RC Strasbourg
81%
2001RC Strasbourg (3)
81%
1990Montpellier HSC (2)
79%
1950Stade de Reims
76%
1958Stade de Reims (2)
76%
2003AJ Auxerre
71%
1994AJ Auxerre
71%
1996AJ Auxerre
71%
2005AJ Auxerre (4)
71%
1949RC Paris (1)
70%
1984FC Metz
68%
1988FC Metz (2)
68%
2002FC Lorient (1)
65%
2007FC Sochaux-Montbéliard (2)
64%
2009EA Guingamp
62%
2014EA Guingamp (2)
62%
1981SC Bastia (1)
55%
1978AS Nancy-Lorraine (1)
54%
1959Le Havre AC (1)
46%
1956UA Sedan-Torcy
36%
1961UA Sedan-Torcy (2)
36%

Distribution des résultats

Percentile par nombre de réponses

% des personnes avec chaque résultat

Votre développement - résultats

Vous n’avez pas pris ce quiz